01051nam a2200253Ia 450000500170000000800410001702000180005804000350007604100080011108200190011910000360013824500870017425000230026126400390028430000620032333600270038533700330041233800280044549000830047350400570055665000650061365000800067865000390075820220317001954.0200115s2019 ck 000 0 spa d a9789587920925 aCO-BoRNBPbspaerdacCO-BoRNBP0 aspa04a658.314 bS81c1 aSuárez Uribe, Césareautor 11a¿Cómo lograr lo que todos dijeron que nunca podrías? cCésar Suárez Uribe aEdición especial 1aBogotá bEdiciones de la Uc2019 a133 páginas b ilustraciones en blanco y negro c 23 cm 2rdacontentatextobtxt 2rdamediaasin mediaciónbn 2rdacarrieravolumenbnc0 aPlan Nacional de Lectura y Escritura Leer es mi Cuento / Ministerio de Cultura aIncluye datos biográficos del autor en la solapa. 17aAptitud creadora en los negocios 2LEMBxRelatos personales 17aComunicación en administración de personal 2LEMBxRelatos personales 17aÉxito 2LEMBxRelatos personales